Relaciones geográficas de Indias (contenidas en el Archivo General de Indias de Sevilla) (Record no. 114883)

MARC details
000 -LEADER
campo de control de longitud fija 01147nam a2200253 i 4500
001 - NÚMERO DE CONTROL
campo de control 114883
003 - IDENTIFICADOR DE NÚMERO DE CONTROL
campo de control ES-MaACL
005 - FECHA Y HORA DE LA ÚLTIMA TRANSACCIÓN
campo de control 20230906190256.0
007 - CAMPO FIJO DE DESCRIPCIÓN FÍSICA--INFORMACIÓN GENERAL
campo de control de longitud fija t|
008 - DATOS DE LONGITUD FIJA--INFORMACIÓN GENERAL
campo de control de longitud fija 070206s1919 sp ||||1| spa d
080 ## - NÚMERO DE LA CLASIFICACIÓN DECIMAL UNIVERSAL
Número de la Clasificación Decimal Universal 930.25(468.11 S.)Arch. Indias
100 1# - ENTRADA PRINCIPAL--NOMBRE DE PERSONA
Nombre de persona Latorre, Germán.
9 (RLIN) 70531
245 10 - MENCIÓN DEL TÍTULO
Título Relaciones geográficas de Indias (contenidas en el Archivo General de Indias de Sevilla)
Resto del título : La Hispano-América del siglo XVI: Colombia-Venezuela-Puerto Rico-República Argentina /
Mención de responsabilidad, etc. Germán Latorre.
260 ## - PUBLICACIÓN, DISTRIBUCIÓN, ETC.
Lugar de publicación, distribución, etc. Sevilla :
Nombre del editor, distribuidor, etc. [s.n.],
Fecha de publicación, distribución, etc. 1919.
300 ## - DESCRIPCIÓN FÍSICA
Extensión 153 p. :
Otras características físicas il., 3 map. pleg. ;
Dimensiones 27 cm.
490 1# - MENCIÓN DE SERIE
Mención de serie Publicaciones del Centro Oficial de Estudios Americanistas de Sevilla . Biblioteca colonial americana ;
Designación de volumen o secuencia 3
500 ## - NOTA GENERAL
Nota general Precede al Tít.: Archivo General de Indias.
610 2# - PUNTO DE ACCESO ADICIONAL DE MATERIA--NOMBRE DE ENTIDAD CORPORATIVA
Nombre de entidad corporativa o nombre de jurisdicción como elemento de entrada Archivo General de Indias-
Subdivisión general Catálogos.
9 (RLIN) 1431
651 ## - PUNTO DE ACCESO ADICIONAL DE MATERIA--NOMBRE GEOGRÁFICO
Nombre geográfico América española-
Subdivisión general Descripción.
9 (RLIN) 151191
710 2# - ENTRADA AGREGADA--NOMBRE DE ENTIDAD CORPORATIVA
Nombre de entidad corporativa o nombre de jurisdicción como elemento de entrada Archivo General de Indias.
9 (RLIN) 149748
830 0# - PUNTO DE ACCESO ADICIONAL DE SERIE-TÍTULO UNIFORME
Título uniforme Publicaciones del Centro Oficial de Estudios Americanistas de Sevilla . Biblioteca colonial americana ;
Designación de volumen o secuencia 3
9 (RLIN) 185793
852 ## - LOCALIZACIÓN
Ubicación ES-MaACL
Número de control de estantería E-4439
Holdings
Estatus retirado Estado de pérdida Estado de daño No para préstamo Biblioteca de origen Biblioteca actual Ubicación en estantería Fecha de adquisición Fuente de adquisición Total de préstamos Signatura topográfica completa Código de barras Visto por última vez Precio de reemplazo Tipo de ítem Koha
        Biblioteca del Ateneo de Madrid Biblioteca del Ateneo de Madrid Depósito 2 17/01/2008     E-4439 1119800 23/02/2023 23/02/2023 Libro impreso